[Event "56.SMM Deutschnofen/Alp.-CSK Merania"]
[Site "Meran"]
[Date "2024.11.02"]
[Round "1.1"]
[White "De Santis, Alessio"]
[Black "Dappiano, Andrea"]
[Result "1/2-1/2"]
[WhiteElo "2120"]
[BlackElo "2286"]
[PlyCount "107"]
[EventDate "2024.11.02"]
[EventType "team"]
[SourceVersionDate "2024.11.03"]

{[%evp 0,107,14,33,24,14,14,-11,3,-9,-2,6,6,13,34,5,5,-21,-3,-16,-18,-21,-21,-32,-44,-46,5,-44,-4,-31,-12,-13,-22,1,0,0,14,11,20,37,49,46,36,37,73,71,99,43,45,24,45,45,45,-37,13,-8,0,21,3,2,-2,-2,11,-15,34,34,64,36,46,26,123,132,142,123,123,123,131,131,131,131,125,131,142,140,150,148,132,130,130,111,113,109,109,48,48,48,48,0,0,0,0,0,52,0,0,0,61,0,0,0]} 1. Nf3 d5 2. e3 Nf6 3. c4 e6 4. b3 Bd6 5. Bb2 O-O 6. Nc3 c6 7. Qc2 e5 8. cxd5 cxd5 9. Nb5 Nc6 10. Nxd6 Qxd6 11. Rc1 Bg4 12. h3 Bh5 13. a3 Bg6 14. Qc5 Qe6 15. Qb5 Rab8 16. Be2 a6 17. Qa4 Rfc8 18. O-O Ra8 19. b4 b5 20. Qb3 Nd7 21. Nh4 Ne7 22. Nxg6 Nxg6 23. d3 Nb6 24. Bg4 f5 25. Bf3 Nh4 26. Kh2 e4 27. dxe4 Nxf3+ 28. gxf3 fxe4 29. Rxc8+ Rxc8 30. Rg1 Rc7 31. f4 Nc8 32. Be5 Nd6 33. a4 Rf7 34. axb5 axb5 35. Qa2 Nf5 36. Qa8+ Rf8 37. Qb7 Rf7 38. Qb8+ Rf8 39. Qxb5 h6 40. Qb7 Rf7 41. Qa8+ Kh7 42. Rg4 Qd7 43. Qa6 d4 44. exd4 Qd5 45. b5 e3 46. fxe3 Nxe3 47. Rg1 Qf3 48. Qc6 Nf1+ 49. Rxf1 Qxf1 50. Qe4+ Kg8 51. Qa8+ Kh7 52. Qe4+ Kg8 53. Qa8+ Kh7 54. Qe4+ 1/2-1/2

[Event "56.SMM Deutschnofen/Alp.-CSK Merania"]
[Site "Meran"]
[Date "2024.11.02"]
[Round "1.2"]
[White "Lain, Luigi"]
[Black "Bonagura, Stefano"]
[Result "1-0"]
[WhiteElo "2239"]
[BlackElo "2173"]
[PlyCount "149"]
[EventDate "2024.11.02"]
[EventType "team"]
[SourceVersionDate "2024.11.03"]

{[%evp 0,149,24,24,24,3,43,43,50,36,43,46,52,60,83,64,76,74,87,66,66,66,74,69,60,58,68,23,23,29,61,57,79,76,70,65,95,97,91,96,125,123,140,150,150,151,155,85,132,128,144,145,188,196,259,259,380,380,365,386,383,378,380,364,605,590,706,454,494,496,612,599,702,671,671,539,489,451,442,469,523,537,540,414,411,429,424,437,432,472,485,407,479,460,518,418,459,606,725,410,494,436,565,449,521,485,692,458,506,568,1039,1691,1700,645,645,629,633,658,666,661,676,613,625,628,691,717,731,774,773,715,888,940,968,1049,1049,965,982,1017,1073,1109,1482,1788,2036,1526,29985,29988,29989,3048,29997,29998,29999,-30000]} 1. d4 Nf6 2. c4 c5 3. d5 e5 4. Nc3 d6 5. e4 Nbd7 6. Bd3 h5 7. f3 Be7 8. Be3 Nf8 9. Qd2 Ng6 10. O-O-O Bd7 11. Nge2 h4 12. g3 a6 13. Rdg1 Qa5 14. Kb1 h3 15. Nd1 Qc7 16. Nf2 b5 17. g4 Rb8 18. Rg3 bxc4 19. Bxc4 Rb4 20. Rc1 O-O 21. Nd3 Rb6 22. Rxh3 Rfb8 23. Rg3 Ne8 24. g5 Qb7 25. h4 Nc7 26. h5 Nf8 27. g6 f5 28. Bxc5 f4 29. Bxb6 Qxb6 30. Rgg1 Nb5 31. Ka1 Be8 32. Nxe5 Bf6 33. Nd3 Na3 34. Bb3 a5 35. Rc6 Bxc6 36. dxc6+ Kh8 37. Rc1 a4 38. c7 Rc8 39. Bxa4 Rxc7 40. Rxc7 Qxc7 41. Nexf4 Qa7 42. Bb3 Nb5 43. Nd5 Nd4 44. Bd1 Bd8 45. Kb1 Nfe6 46. f4 Nc6 47. f5 Ng5 48. Qc3 Qb7 49. Ba4 Na5 50. Qd4 Nf3 51. Qf2 Nc4 52. Ka1 Nfd2 53. Qd4 Qa6 54. h6 Bf6 55. Qxf6 gxf6 56. Nxf6 Qa7 57. g7+ Qxg7 58. hxg7+ Kxg7 59. Ne8+ Kf8 60. Nf2 Nb6 61. Bc6 Ndc4 62. a4 Na5 63. Bb5 d5 64. e5 d4 65. b4 Nb3+ 66. Kb2 Nd2 67. Nd6 Nd5 68. Nd3 Nf3 69. a5 Ke7 70. f6+ Kf8 71. Bc6 Nd2 72. Bxd5 Nc4+ 73. Kc1 Nxe5 74. Nxe5 d3 75. Nd7# 1-0

[Event "56.SMM Deutschnofen/Alp.-CSK Merania"]
[Site "Meran"]
[Date "2024.11.02"]
[Round "1.3"]
[White "Lami, Damiano"]
[Black "Micheli, Carlo"]
[Result "1-0"]
[WhiteElo "2064"]
[BlackElo "2143"]
[PlyCount "159"]
[EventDate "2024.11.02"]
[EventType "team"]
[SourceVersionDate "2024.11.03"]

{[%evp 0,159,24,23,50,15,47,47,76,68,79,59,72,65,65,69,52,55,85,88,88,56,55,32,38,3,29,-85,-69,-99,-88,-74,-103,-70,-84,-94,-92,-107,-97,-105,-89,-91,-79,-84,-50,-28,-76,-61,-52,-112,14,15,34,29,46,30,32,22,22,12,19,0,97,50,64,64,50,66,64,15,31,0,0,0,0,-17,-4,-12,0,0,0,-10,-15,-21,-8,-11,0,0,-1,-6,-13,0,-4,0,0,0,23,0,0,0,1,0,25,14,14,26,14,18,13,5,0,0,23,26,24,24,41,31,28,30,36,21,30,36,11,12,145,146,156,147,149,152,161,162,162,14,260,149,165,0,160,161,159,150,147,142,140,145,137,139,168,173,177,169,225,217,345,350,346,363,363,414]} 1. e4 c5 2. c3 d6 3. d4 Nd7 4. Nf3 e6 5. Bd3 Ngf6 6. O-O Qc7 7. Qe2 Be7 8. e5 dxe5 9. dxe5 Nd5 10. Qe4 N7b6 11. Bg5 Bd7 12. a4 Bc6 13. a5 Nd7 14. Bxe7 Nxe7 15. Qe2 Bxf3 16. Qxf3 Nxe5 17. Bb5+ Kf8 18. Qg3 Nf5 19. Qf4 g5 20. Qe4 Rd8 21. a6 bxa6 22. Rxa6 h5 23. Na3 Ng4 24. g3 Nf6 25. Qc6 Rc8 26. Qxc7 Rxc7 27. Bd3 Kg7 28. Ra1 Rd8 29. Bxf5 exf5 30. Nc4 Rdd7 31. Nd6 f4 32. gxf4 gxf4 33. Re1 Kf8 34. Re5 Re7 35. Nc4 Rxe5 36. Nxe5 Ng4 37. Nf3 Kg7 38. h3 Nh6 39. Kg2 Nf5 40. Ra4 Rb7 41. Rxf4 Nd6 42. b4 cxb4 43. cxb4 Rb5 44. Nd4 Rg5+ 45. Kf3 a5 46. bxa5 Rxa5 47. Nc2 Rf5 48. Rxf5 Nxf5 49. Kf4 Kg6 50. Ke5 f6+ 51. Kf4 Ne7 52. Ne3 Kf7 53. Nf5 Nd5+ 54. Kg3 Kg6 55. Nd6 Kg5 56. f4+ Kg6 57. f5+ Kg5 58. h4+ Kh6 59. Kf3 Kg7 60. Nb7 Kf7 61. Nc5 Ke7 62. Ne4 Nb4 63. Ng3 Kd6 64. Ke4 Nd5 65. Nxh5 Nc3+ 66. Kd3 Nb5 67. Kc4 Nc7 68. Ng7 Nd5 69. Ne8+ Kc6 70. Kd4 Ne7 71. Ke4 Ng8 72. Ng7 Kd6 73. Nh5 Ke7 74. Nf4 Nh6 75. Nd5+ Kf7 76. Ne3 Kg7 77. Kd5 Kf7 78. Kd6 Ng8 79. Ng4 Ne7 80. Nh6+ 1-0

[Event "56.SMM Deutschnofen/Alp.-CSK Merania"]
[Site "Meran"]
[Date "2024.11.02"]
[Round "1.4"]
[White "Thurner, Markus"]
[Black "Teutsch, Alexander"]
[Result "0-1"]
[WhiteElo "1968"]
[BlackElo "2067"]
[PlyCount "89"]
[EventDate "2024.11.02"]
[EventType "team"]
[SourceVersionDate "2024.11.03"]

{[%evp 0,89,24,25,28,42,45,30,49,63,85,36,41,47,44,34,62,28,-16,37,34,4,13,-70,23,18,38,30,39,9,23,-13,0,-24,9,-147,-114,-135,-151,-151,-151,-151,-80,-221,-217,-216,-220,-212,-206,-250,-252,-249,-249,-284,-283,-291,-291,-289,-297,-301,-285,-345,-309,-312,-299,-319,-314,-319,-317,-317,-333,-381,-407,-404,-393,-415,-395,-398,-404,-417,-416,-437,-389,-395,-395,-453,-453,-462,-501,-622,-634,-780]} 1. e4 d5 2. exd5 Nf6 3. d4 Nxd5 4. c4 Nb6 5. Nc3 e5 6. Nf3 exd4 7. Qxd4 Qe7+ 8. Qe3 Be6 9. b3 Nc6 10. Bb2 O-O-O 11. Bd3 Qb4 12. O-O-O Bc5 13. Qf4 Bd6 14. Qg5 h6 15. Qb5 Bf4+ 16. Kb1 Qxb5 17. Nxb5 Rxd3 18. Rxd3 Bf5 19. Rhd1 Nb4 20. Ne1 Re8 21. Nd4 Rxe1 22. Rxe1 Nxd3 23. Re8+ Kd7 24. Nxf5 Kxe8 25. Bxg7 Bxh2 26. Bxh6 Nxf2 27. Kc2 Ng4 28. Bd2 Be5 29. Kd3 Kd7 30. c5 Nc8 31. Ke4 Bb2 32. Bf4 Nf6+ 33. Kd3 Nd5 34. Bd2 Nce7 35. Nh6 Ke6 36. b4 Ng6 37. Kc2 Be5 38. Kb3 Bf4 39. Bxf4 Ngxf4 40. g4 Kf6 41. Kc4 Ne7 42. b5 Ne6 43. a4 Kg6 44. b6 axb6 45. cxb6 0-1

[Event "56.SMM Deutschnofen/Alp.-CSK Merania"]
[Site "Meran"]
[Date "2024.11.02"]
[Round "1.5"]
[White "Wieser, Josef"]
[Black "Brotto, Alessandro"]
[Result "0-1"]
[WhiteElo "1887"]
[BlackElo "2062"]
[PlyCount "58"]
[EventDate "2024.11.02"]
[EventType "team"]
[SourceVersionDate "2024.11.03"]

{[%evp 0,58,44,5,8,11,11,11,8,-29,-4,-2,28,-48,-44,-39,-15,-80,-5,-7,-7,-133,-89,-92,-75,-69,-57,-50,-45,-51,-24,-14,-8,-86,-14,-1,113,0,52,9,46,23,26,16,0,-25,-18,-26,39,24,30,29,26,0,3,0,2,-10,0,-505,-505]} 1. e4 e5 2. Nf3 Nc6 3. Bc4 Nf6 4. Ng5 d5 5. exd5 b5 6. Bb3 Nd4 7. O-O Bc5 8. d3 Bg4 9. Qe1 Be2 10. d6 O-O 11. Nxf7 Rxf7 12. Bxf7+ Kxf7 13. c3 Bxf1 14. cxd4 Bxd4 15. dxc7 Qxc7 16. Qxf1 Ng4 17. Nc3 Bxc3 18. bxc3 Qxc3 19. Bg5 h6 20. Bh4 Rc8 21. Rb1 a6 22. h3 Nf6 23. Bg3 Nd5 24. Qe2 Nf4 25. Bxf4 exf4 26. Qe4 Kg8 27. Qe6+ Kh7 28. Qxa6 Qxd3 29. Qxb5 Rc1+ 0-1

[Event "56.SMM Deutschnofen/Alp.-CSK Merania"]
[Site "Meran"]
[Date "2024.11.02"]
[Round "1.6"]
[White "Welsch, Ulrich"]
[Black "Zuev, Mikhail"]
[Result "1-0"]
[WhiteElo "1855"]
[BlackElo "1890"]
[PlyCount "93"]
[EventDate "2024.11.02"]
[EventType "team"]
[SourceVersionDate "2024.11.03"]

{[%evp 0,93,17,25,20,21,22,2,-7,-22,7,-2,-22,-26,-30,-3,-7,-11,6,4,-8,-11,-2,20,24,21,34,20,19,29,49,14,54,-29,-17,-19,-48,-29,-14,-13,11,15,37,39,39,49,65,45,64,88,88,24,148,141,272,230,205,216,267,253,241,258,288,314,316,400,426,365,414,401,401,374,377,356,417,420,486,491,564,634,840,702,667,532,795,1039,1173,538,605,621,834,872,868,868,862,919]} 1. d4 d5 2. Nf3 Nf6 3. g3 Bf5 4. c4 c6 5. Qb3 Qb6 6. Qa4 e6 7. c5 Qd8 8. Nc3 Nbd7 9. Nh4 Bg6 10. Nxg6 hxg6 11. Bg2 e5 12. e3 b5 13. Qd1 e4 14. f3 b4 15. Nb1 Qc7 16. Nd2 Rxh2 17. Rxh2 Qxg3+ 18. Kf1 Qxh2 19. fxe4 dxe4 20. Nxe4 Nd5 21. Qa4 Qc7 22. Bd2 a5 23. a3 Rb8 24. axb4 axb4 25. Nf2 f5 26. e4 Ne7 27. Re1 Rb5 28. Bxb4 Qb7 29. Bc3 Kd8 30. Kg1 Nf6 31. Bf1 fxe4 32. Nxe4 Ned5 33. Ba5+ Kc8 34. Bxb5 cxb5 35. Qb3 Qd7 36. Qg3 Nh5 37. Qxg6 Ndf4 38. Qa6+ Kb8 39. Qb6+ Kc8 40. Qa6+ Kb8 41. Nf2 Bxc5 42. dxc5 Ng3 43. Qd6+ Qxd6 44. cxd6 Nfe2+ 45. Kg2 Kc8 46. Kf3 Kd7 47. Bb4 1-0

[Event "56.SMM Brixen/Milland-Richter/Lask"]
[Site "?"]
[Date "2024.11.09"]
[Round "1.1"]
[White "Brenninger, Daniel"]
[Black "De Eccher, Stefano"]
[Result "0-1"]
[WhiteElo "2089"]
[BlackElo "2165"]
[PlyCount "80"]
[EventDate "2024.??.??"]

{[%evp 0,80,34,34,51,33,52,40,35,-19,-3,-8,-8,-8,-6,-49,-65,-82,-55,-84,-47,-121,-117,-123,-91,-91,-102,-105,-96,-294,-301,-330,-330,-330,-330,-330,-138,-155,-111,-123,-87,-67,-67,-60,-65,-66,-74,-85,-64,-64,-71,-73,-80,-103,-104,-119,-129,-147,-143,-146,-148,-148,-157,-166,-157,-163,-183,-235,-215,-608,-653,-641,-769,-982,-968,-1003,-1108,-1108,-1174,-2357,-712,-29987,-29988]} 1. e4 c5 2. a3 Nf6 3. e5 Nd5 4. c4 Nc7 5. d4 cxd4 6. Nf3 Nc6 7. b4 d6 8. exd6 Qxd6 9. Bb2 Bg4 10. Be2 Rd8 11. h3 Bh5 12. g4 Bg6 13. b5 Ne5 14. Nxd4 Ne6 15. Nxe6 Qxe6 16. Qb3 Bd3 17. Bxe5 Qxe5 18. Ra2 Qe4 19. f3 Qe5 20. Kf2 Bxb1 21. Qxb1 e6 22. Qe4 Bc5+ 23. Kg2 Qxe4 24. fxe4 Rd4 25. Kf3 Ke7 26. a4 Kf6 27. Re1 Ke5 28. Bf1 f6 29. a5 h5 30. a6 b6 31. Rg2 g5 32. gxh5 Rxh5 33. Rg4 Rd2 34. Re2 Rd3+ 35. Kg2 Rdxh3 36. Re1 Rh2+ 37. Kf3 Rf2+ 38. Kg3 Rh1 39. Rd1 Rfxf1 40. Rd7 Rhg1+ 0-1

[Event "56.SMM Brixen/Milland-Richter/Lask"]
[Site "?"]
[Date "2024.11.09"]
[Round "1.2"]
[White "Moncher, Stefano"]
[Black "Sader, Michael"]
[Result "1-0"]
[WhiteElo "2162"]
[BlackElo "2054"]
[PlyCount "47"]
[EventDate "2024.??.??"]

{[%evp 0,47,34,34,74,74,80,79,94,42,27,40,44,41,33,48,37,35,19,37,61,80,81,57,50,14,103,105,141,141,176,176,210,211,217,209,228,206,206,179,192,164,513,672,761,898,898,937,29995,29986]} 1. e4 d6 2. d4 Nf6 3. Nc3 g6 4. g3 Bg7 5. Bg2 O-O 6. Nge2 c6 7. O-O Nbd7 8. h3 e5 9. Be3 a6 10. g4 h5 11. g5 Nh7 12. Qd2 f6 13. gxf6 Qxf6 14. f4 exf4 15. Nxf4 Qg5 16. Ne6 Rxf1+ 17. Rxf1 Qe7 18. Nxg7 Kxg7 19. e5 d5 20. Bh6+ Kg8 21. Nxd5 cxd5 22. Bxd5+ Kh8 23. Rf7 Nb6 24. Rxe7 1-0

[Event "56.SMM Brixen/Milland-Richter/Lask"]
[Site "?"]
[Date "2024.11.09"]
[Round "1.3"]
[White "Kofler, Thomas"]
[Black "Bevilacqua, Maurizio"]
[Result "1/2-1/2"]
[WhiteElo "1976"]
[BlackElo "2046"]
[PlyCount "61"]
[EventDate "2024.??.??"]

{[%evp 0,61,34,-17,-9,-17,-17,-16,-16,-11,22,-11,-9,-15,-8,-24,-24,-25,-18,-44,-13,-13,15,12,11,11,6,-7,-3,-39,-43,-43,-10,-34,-40,-44,-35,-35,-33,-29,-26,-25,-8,-12,12,-18,-8,-14,-18,-39,-49,-50,-52,-54,-50,-50,-50,-85,-79,-84,-46,-51,-53,-48]} 1. c4 Nf6 2. Nc3 e5 3. e4 Nc6 4. Nf3 Bc5 5. h3 O-O 6. d3 h6 7. g3 d6 8. Bg2 a6 9. a3 Nh7 10. O-O Nd4 11. Nxd4 Bxd4 12. Ne2 Ba7 13. d4 Ng5 14. Kh2 exd4 15. Nxd4 Re8 16. Bxg5 hxg5 17. Qd2 g4 18. h4 Qf6 19. Rad1 Qe5 20. b3 Be6 21. Nxe6 Rxe6 22. Qd5 Rb8 23. Qxe5 Rxe5 24. Rd5 b5 25. cxb5 Rxd5 26. exd5 Rxb5 27. b4 a5 28. f3 axb4 29. axb4 Rxb4 30. fxg4 Rxg4 31. Rf4 1/2-1/2

[Event "56.SMM Brixen/Milland-Richter/Lask"]
[Site "?"]
[Date "2024.11.09"]
[Round "1.4"]
[White "Unterweger, Jonas"]
[Black "Paulmichl, Martin"]
[Result "1/2-1/2"]
[WhiteElo "1948"]
[BlackElo "1945"]
[PlyCount "145"]
[EventDate "2024.??.??"]

{[%evp 0,145,34,34,51,30,63,56,56,61,70,56,45,38,44,0,23,9,40,20,48,48,41,20,63,58,72,28,22,16,16,2,16,17,17,17,32,5,7,22,35,36,44,38,46,29,30,19,32,35,47,48,14,40,106,101,159,157,159,159,163,153,170,162,177,177,177,163,177,177,204,209,279,287,447,380,386,442,801,146,189,216,216,210,392,76,101,103,109,116,116,15,26,0,0,0,0,0,0,0,0,0,0,0,0,0,3,7,16,7,25,18,19,18,18,0,0,0,0,0,0,0,0,0,0,0,0,0,0,0,0,0,0,0,0,0,0,0,0,0,0,0,0,0,0,0,0,0]} 1. d4 e6 2. Nf3 f5 3. Bf4 Nf6 4. e3 b6 5. Be2 Bb7 6. O-O Bd6 7. c4 Bxf4 8. exf4 d5 9. Ng5 Qd7 10. Nc3 O-O 11. Re1 h6 12. Nf3 Nc6 13. Ne5 Nxe5 14. fxe5 Ne4 15. cxd5 Nxc3 16. bxc3 Bxd5 17. Bf3 Rad8 18. Bxd5 Qxd5 19. Qa4 a5 20. Rad1 Qd7 21. Qb3 a4 22. Qc4 b5 23. Qc5 c6 24. c4 bxc4 25. Qxc4 Qd5 26. Rc1 c5 27. dxc5 Qc6 28. Red1 Rd5 29. Rxd5 exd5 30. Qd4 Rc8 31. h3 Kh8 32. Qf4 Qe6 33. Qd4 Qc6 34. f4 a3 35. Qd3 Qa4 36. Qxf5 Qd4+ 37. Kh1 Rb8 38. c6 Qd2 39. Qc2 Qxf4 40. c7 Rc8 41. e6 Qd6 42. Qb3 Qxe6 43. Qxa3 d4 44. Qd3 Qe5 45. h4 Qf4 46. Rf1 Qxh4+ 47. Kg1 Qe7 48. Rc1 Rxc7 49. Rxc7 Qxc7 50. Qxd4 Qc1+ 51. Kh2 Qa3 52. Qc4 Qd6+ 53. Kh3 Qd7+ 54. g4 h5 55. a4 hxg4+ 56. Qxg4 Qd3+ 57. Kh4 Qd8+ 58. Kh5 Qe8+ 59. Kh4 Qe1+ 60. Kh3 Qh1+ 61. Kg3 Qg1+ 62. Kf4 Qd4+ 63. Kf3 Qd1+ 64. Kg3 Qg1+ 65. Kh4 Qf2+ 66. Kh3 Qf1+ 67. Kh2 Qf2+ 68. Kh3 Qf1+ 69. Qg2 Qf5+ 70. Kh4 Qf4+ 71. Qg4 Qf2+ 72. Kh5 Qf7+ 73. Kh4 1/2-1/2

[Event "56.SMM Brixen/Milland-Richter/Lask"]
[Site "?"]
[Date "2024.11.09"]
[Round "1.5"]
[White "Wisthaler, Lukas"]
[Black "Billio, Atto"]
[Result "0-1"]
[WhiteElo "1860"]
[BlackElo "2003"]
[PlyCount "44"]
[EventDate "2024.??.??"]

{[%evp 0,44,34,34,46,41,46,23,19,19,37,45,73,50,74,52,44,22,20,-17,1,3,5,-2,-6,-4,-8,-11,24,-15,23,6,9,-20,-75,-112,-125,-147,-145,-158,-158,-178,-163,-185,-179,-184,-163]} 1. e4 c5 2. Nf3 e6 3. c4 Nc6 4. Nc3 a6 5. Be2 Nd4 6. d3 g6 7. O-O Bg7 8. Bf4 d6 9. Nxd4 cxd4 10. Nb1 Ne7 11. Nd2 O-O 12. Bg3 e5 13. f4 f5 14. Bf3 Nc6 15. Rc1 Qe7 16. Qe2 exf4 17. Bxf4 g5 18. Bg3 g4 19. exf5 gxf3 20. Qxe7 Nxe7 21. Bxd6 fxg2 22. Kxg2 Nxf5 0-1

[Event "56.SMM Gröden 1 - Gröden 2"]
[Site "?"]
[Date "2024.11.09"]
[Round "1.1"]
[White "Scola, Matteo"]
[Black "Moroder, Stefan"]
[Result "0-1"]
[WhiteElo "1803"]
[BlackElo "2173"]
[PlyCount "42"]
[EventDate "2024.??.??"]
[SourceVersionDate "2024.11.09"]

{[%evp 0,42,19,21,40,40,40,-28,-29,-38,-38,-102,-81,-91,-100,-114,-103,-118,-100,-100,-86,-79,-130,-165,-167,-211,-216,-216,-258,-403,-325,-396,-401,-401,-444,-421,-457,-401,-443,-493,-541,-547,-482,-910,-910]} 1. e4 c5 2. a3 Nc6 3. b4 Nf6 4. b5 Nd4 5. Nc3 d5 6. exd5 Bf5 7. d3 Nxd5 8. Nxd5 Qxd5 9. Be3 g6 10. c3 Qe6 11. Qa4 Bg7 12. b6+ Nc6 13. Ne2 O-O 14. h3 axb6 15. Qc2 Nb4 16. cxb4 Bxa1 17. g4 Qd5 18. Ng3 Bd7 19. Qc4 Qxc4 20. dxc4 Rxa3 21. bxc5 Bc6 0-1

[Event "56.SMM Gröden 1 - Gröden 2"]
[Site "?"]
[Date "2024.11.09"]
[Round "1.2"]
[White "Demetz, Rainer"]
[Black "Grossrubatscher, Johann"]
[Result "1-0"]
[WhiteElo "2199"]
[BlackElo "1734"]
[PlyCount "61"]
[EventDate "2024.??.??"]
[SourceVersionDate "2024.11.09"]

1. c4 c5 2. Nf3 Nc6 3. d4 cxd4 4. Nxd4 d6 5. g3 a6 6. Bg2 Qb6 7. Nb3 Bf5 8. O-O Nf6 9. Nc3 Rc8 10. h3 e6 11. e4 Bg6 12. Be3 Qb4 13. Rc1 Ne5 14. a3 Qxc4 15. Nd5 Qxf1+ 16. Qxf1 Rxc1 17. Nxf6+ gxf6 18. Qxc1 Nc6 19. Nd4 Kd7 20. Nxc6 bxc6 21. e5 d5 22. exf6 Bd6 23. b4 Rb8 24. Qf1 Bc2 25. Qxa6 Bf5 26. Qa7+ Bc7 27. Bc5 Bc2 28. Bd6 Kxd6 29. Qc5+ Kd7 30. Qxc2 Bd6 31. Qxh7 1-0

[Event "56.SMM Gröden 1 - Gröden 2"]
[Site "?"]
[Date "2024.11.09"]
[Round "1.3"]
[White "Demetz, Bean"]
[Black "Bernardi, Ruben"]
[Result "0-1"]
[WhiteElo "1520"]
[BlackElo "2070"]
[PlyCount "78"]
[EventDate "2024.??.??"]
[SourceVersionDate "2024.11.09"]

1. e4 e6 2. d4 b6 3. Nf3 Bb7 4. Nc3 Bb4 5. Bd3 d5 6. exd5 Qxd5 7. Bd2 Bxc3 8. Bxc3 Nc6 9. Qe2 Nf6 10. O-O O-O-O 11. Ba6 Ne4 12. Bxb7+ Kxb7 13. Qe3 g5 14. Rfd1 f5 15. Ne5 f4 16. Qd3 Nxc3 17. bxc3 Nxe5 18. dxe5 Qxe5 19. Qf3+ c6 20. Re1 Qd5 21. Qg4 Qf5 22. Qe2 Rhe8 23. f3 Qc5+ 24. Kh1 Qxc3 25. Rad1 e5 26. Rd3 Rxd3 27. cxd3 Rd8 28. Rd1 h5 29. Qe4 Rd5 30. Qh7+ Ka6 31. h3 Qc2 32. Re1 Rxd3 33. Qxh5 Re3 34. Rg1 e4 35. fxe4 Qxe4 36. Kh2 Rg3 37. h4 g4 38. Qf7 Qe2 39. Qxf4 Rh3# 0-1

[Event "56.SMM Gröden 1 - Gröden 2"]
[Site "?"]
[Date "2024.10.09"]
[Round "1.4"]
[White "Moroder, Thomas"]
[Black "Vozhzhov, Leonard"]
[Result "1-0"]
[WhiteElo "2029"]
[BlackElo "1400"]
[PlyCount "101"]
[EventDate "2024.??.??"]
[SourceVersionDate "2024.11.10"]

{[%evp 0,77,22,22,22,34,27,27,5,29,35,35,29,29,29,28,35,5,35,-44,14,-24,-24,0,65,87,36,36,106,100,141,117,153,150,167,143,143,105,210,195,194,194,248,262,263,243,315,295,305,227,306,224,219,211,399,496,499,279,279,279,632,635,702,708,712,712,701,653,1290,1308,1326,1350,1375,1578,29983,1380,1803,2297,29977,29178]} 1. e4 e5 2. Nf3 Nc6 3. d4 exd4 4. Nxd4 Bc5 5. Be3 Qf6 6. c3 Nge7 7. Bc4 d6 8. O-O Qg6 9. Nb5 O-O 10. Bxc5 dxc5 11. Nxc7 Rb8 12. Nd2 Ne5 13. Qe2 a6 14. Nd5 Nxd5 15. Bxd5 Rd8 16. f4 Nc6 17. f5 Qf6 18. Qe3 Re8 19. Qxc5 Bd7 20. Nc4 Qe7 21. Qf2 b5 22. Ne3 Kh8 23. f6 gxf6 24. Qh4 Rg8 25. Rxf6 Rg6 26. Raf1 Rbg8 27. Bxf7 Rxf6 28. Qxf6+ Qxf6 29. Rxf6 Rg7 30. Bd5 h5 31. Bxc6 Bxc6 32. Rxc6 Re7 33. Rh6+ Kg7 34. Nf5+ Kf7 35. Rh7+ Kg6 36. Rxe7 a5 37. Re5 b4 38. Rxa5 bxc3 39. bxc3 Kf6 40. Nh4 Ke7 41. Rxh5 Kd7 42. Rh6 Kc7 43. a4 Kd7 44. a5 Kc7 45. a6 Kb8 46. Rh7 Ka8 47. Ng6 Kb8 48. Ne5 Ka8 49. h4 Kb8 50. Nc4 Kc8 51. a7 1-0

[Event "56.SMM Gröden 1 - Gröden 2"]
[Site "?"]
[Date "2024.10.09"]
[Round "1.5"]
[White "Lardschneider, Jonas"]
[Black "Grossi, Christian"]
[Result "0-1"]
[WhiteElo "1400"]
[BlackElo "1961"]
[PlyCount "88"]
[EventDate "2024.??.??"]
[SourceVersionDate "2024.11.10"]

{[%evp 0,71,22,34,97,83,74,48,73,77,62,72,81,59,74,25,72,-27,-27,-43,-40,-39,-51,-51,-51,-51,-51,-92,-56,-116,-123,-317,-326,-313,-258,-263,-268,-257,-241,-250,-256,-427,-348,-403,-288,-430,-428,-435,-434,-670,-706,-709,-605,-600,-609,-620,-617,-624,-635,-635,-621,-752,-665,-792,-1137,-1195,-800,-801,-821,-839,-1524,-1754,-1958,-2604]} 1. e4 g6 2. d4 Bg7 3. Nf3 d6 4. Bf4 c5 5. c3 cxd4 6. cxd4 Qb6 7. Qb3 Bxd4 8. Qa4+ Nc6 9. Nxd4 Qxd4 10. Nc3 Qxa4 11. Nxa4 Nf6 12. f3 O-O 13. Bc4 Nd4 14. O-O b5 15. Be3 Nc2 16. Bh6 bxc4 17. Rac1 Nd4 18. Rcd1 e5 19. Bxf8 Kxf8 20. f4 Nxe4 21. fxe5 dxe5 22. Rfe1 f5 23. Nc3 Bb7 24. g4 Nf3+ 25. Kf1 Nxe1 26. Rxe1 Nxc3 27. bxc3 Be4 28. Kf2 Rd8 29. Re2 Rd3 30. Rb2 Rxc3 31. Kg1 Rc1+ 32. Kf2 Rc2+ 33. Rxc2 Bxc2 34. Ke3 c3 35. gxf5 gxf5 36. a4 a5 37. Ke2 f4 38. h4 h5 39. Ke1 Bxa4 40. Ke2 e4 41. Kf1 e3 42. Ke1 f3 43. Kf1 c2 44. Ke1 c1=Q# 0-1

[Event "56.SMM Kaltern/Tramin - ASD Arci BZ"]
[Site "?"]
[Date "2024.11.09"]
[Round "1.1"]
[White "Seresin, Francesco"]
[Black "Bertagnolli, Alexander"]
[Result "1-0"]
[WhiteElo "2333"]
[BlackElo "2345"]
[PlyCount "103"]
[EventDate "2024.11.10"]

1. d4 Nf6 2. c4 e6 3. Nc3 Bb4 4. e3 d5 5. cxd5 exd5 6. Bd3 c5 7. Nge2 c4 8. Bc2 Nc6 9. O-O O-O 10. f3 Rb8 11. e4 b5 12. Bg5 Ne7 13. a3 Bxc3 14. bxc3 Rb6 15. Ng3 Ne8 16. Qd2 f6 17. Be3 Be6 18. a4 a6 19. axb5 axb5 20. Rab1 Nc7 21. Rb2 Nc6 22. Rfb1 b4 23. cxb4 Nb5 24. Ne2 Na3 25. Rc1 Nxc2 26. Rcxc2 Qe7 27. b5 Na7 28. Nc3 Rfb8 29. exd5 Bf5 30. Bf4 R8b7 31. d6 Qf7 32. Rc1 g5 33. Bg3 Nxb5 34. Nxb5 Rxb5 35. Rxb5 Rxb5 36. Qa2 Bd3 37. Re1 Qb7 38. Re8+ Kf7 39. Re7+ Qxe7 40. dxe7 Rb1+ 41. Kf2 Rc1 42. e8=Q+ Kxe8 43. Qa4+ Kf7 44. d5 c3 45. Qd7+ Kg8 46. Qe8+ Kg7 47. Bd6 Rf1+ 48. Kg3 h5 49. Qf8+ Kh7 50. Qf7+ Kh8 51. Qxf6+ Kh7 52. Qf7+ 1-0

[Event "56.SMM Kaltern/Tramin - ASD Arci BZ"]
[Site "?"]
[Date "2024.11.09"]
[Round "1.2"]
[White "Panjkovic, Aleksandar"]
[Black "Olivetti, Davide"]
[Result "1-0"]
[WhiteElo "2054"]
[BlackElo "2158"]
[PlyCount "43"]
[EventDate "2024.11.10"]

{[%evp 0,43,14,14,82,43,93,17,28,39,88,44,79,80,64,43,47,13,36,27,3,11,11,11,11,18,-1,23,19,-41,91,111,207,243,556,547,663,660,646,661,727,660,858,582,1542,956]} 1. Nf3 g6 2. d4 Bg7 3. c3 d6 4. e4 Nd7 5. Be3 e6 6. Nbd2 Ne7 7. Bc4 b6 8. Ng5 d5 9. exd5 Nxd5 10. Qf3 O-O 11. Bxd5 exd5 12. Qxd5 Ba6 13. O-O-O Qc8 14. Qf3 c5 15. Nde4 Qc6 16. Nxh7 f5 17. Nef6+ Rxf6 18. Nxf6+ Qxf6 19. Qxa8+ Bf8 20. dxc5 Qf7 21. Rxd7 Qxa2 22. Qd5+ 1-0